00480nam a2200145Ia 4500008004100000041000800041082001200049100002200061245004100083260003900124300002900163365001100192999001500203952011600218240624s9999 xx 000 0 und d aeng a330 MEN aMENON N R MADHAVA aLEGAL DIMENSIONS OF ECONOMIC REFORMS c1997aNew DelhibAllied Publishers axiii, : 329p. : cm. ; 25 cRSb30 c4323d4323 00104070aIMTNbIMTNcRack 4-Bd2006-12-29eAPg330.00o330 MENp4323r2024-06-24 00:00:00t1w2024-06-24yBK